000 00853nam a22002297a 4500
999 _c17951
_d17951
003 AR-CdUCM
008 190308b ||||| |||| 00| 0 spa d
020 _a84-270-0033-2
040 _aMUNICIPALIDAD PROVINCIAL DEL CUSCO
_cBIBLIOTECA MUNICIPAL DEL CUSCO
082 _a794.1 / M17
_bM17
100 _aMaizelis, I.
_938230
245 _aFinales de peones /
260 _aBarcelona :
_bEdiciones Martinez Roca,
_c1969.
300 _a275 páginas ;
_c20 cm.
_bIlustraciones,
505 _aContenido: rey y peón contra rey -- Rey y dos peones contra rey -- Peón contra peón -- Dos peones contra uno -- Dos peones contra dos peones...
650 _aAjedrez
_93993
650 _aEstrategia y técnicas
_913468
650 _aPartidas
_913469
700 _aKuper de Velasco, Lydia (traductor)
_932151
942 _2ddc
_cLIBROS
945 _aacv
_d2019-05-10